LIBRARY & INFORMATION CENTRE, KCAET, TAVANUR

ONLINE PUBLIC ACCESS CATALOGUE (OPAC)

National Symposium on Water Resources Servation, Regulating and Reuse (Record no. 19157)

MARC details
000 -LEADER
fixed length control field 00313nam a22001097a 4500
003 - CONTROL NUMBER IDENTIFIER
control field OSt
008 - FIXED-LENGTH DATA ELEMENTS--GENERAL INFORMATION
fixed length control field 250128b |||||||| |||| 00| 0 eng d
041 ## - LANGUAGE CODE
Language code of text/sound track or separate title eng
245 ## - TITLE STATEMENT
Title National Symposium on Water Resources Servation, Regulating and Reuse
260 ## - PUBLICATION, DISTRIBUTION, ETC. (IMPRINT)
Place of publication Nagpur:
Year of publication 1990.
Name of publisher Indian Water Works Association,
942 ## - ADDED ENTRY ELEMENTS (KOHA)
Koha item type Books
Holdings
Withdrawn status Lost status Damaged status Home library Current library Date acquired Source of acquisition Cost, normal purchase price Accession Number Koha item type
Withdrawn     KAUAET KAUAET 28/01/2025 Research & Development Centre, Nagpur 400.00 16695 Books
free website counter